Estudio a nivel de perfil para el diseño del sistema de agua potable barrio Farabundo Martí, Comarca el Chagüe León Nicaragua
Presenta el diseño de un mini acueducto por bombeo eléctrico MABE en el barrio Farabundo Martí se realizó estudio para determinación de la demanda existente de la población como diagnóstico de la situación actual un estudio técnico para la localización y un estudio socio económico para la...
| Main Author: | |
|---|---|
| Other Authors: | |
| Format: | Tesis Section = Libro |
| Language: | Undetermined Spanish |
| Published: |
Managua
UNI
2018
|
| Subjects: |
| LEADER | 01233nam a2200241Ia 4500 | ||
|---|---|---|---|
| 008 | 240830s9999 xx 000 0 und d | ||
| 040 | |a BIBLIOTECA-RUPAP Mon 628.72 M829 | ||
| 041 | |a spa | ||
| 082 | |a Mon 628.72 M829 | ||
| 100 | 1 | |a Moran Reyes, Dorallys Teresa | |
| 245 | 1 | 0 | |a Estudio a nivel de perfil para el diseño del sistema de agua potable barrio Farabundo Martí, Comarca el Chagüe León Nicaragua |
| 260 | |a Managua |b UNI |c 2018 | ||
| 300 | |a 96 p. :il. | ||
| 500 | |a Contiene anexos y CD | ||
| 502 | |a Tesis (Ingeniero Civil)- UNI, 2018. | ||
| 520 | 3 | |a Presenta el diseño de un mini acueducto por bombeo eléctrico MABE en el barrio Farabundo Martí se realizó estudio para determinación de la demanda existente de la población como diagnóstico de la situación actual un estudio técnico para la localización y un estudio socio económico para la evaluación del proyecto mediante la relación de costo beneficio. | |
| 650 | 7 | |a SISTEMA DE AGUA POTABLE | |
| 650 | 7 | |b RED DE ABASTECIMIENTO DE AGUA POTABLE – DISEÑO Y CONSTRUCCION | |
| 650 | 7 | |c CONSUMO DE AGUA EL CHAGUE – LEON - NICARAGUA | |
| 700 | 1 | |a Tutor: |b Mendoza Gutiérrez, Juan Carlos | |
| 942 | |c BK |2 ddc | ||
| 991 | |a TESIS | ||
| 999 | |c 16553 | ||